Vista normal
Vista MARC
Entrada Materia (personas)
Número de registros utilizados en: 1
001 - CONTROL NUMBER
- control field: 173991
003 - CONTROL NUMBER IDENTIFIER
- control field: Co-BoUCM
005 - DATE AND TIME OF LATEST TRANSACTION
- control field: 20220322153320.0
008 - FIXED-LENGTH DATA ELEMENTS
- fixed length control field: 220322|| aca||aabn | a|a d
040 ## - CATALOGING SOURCE
- Original cataloging agency: Co-BoUCM
- Transcribing agency: Co-BoUCM
100 ## - HEADING--PERSONAL NAME
- Personal name: Gazan, Estevan
670 ## - SOURCE DATA FOUND
- Source citation: Work cat.: (Co-BoUCM): Choisy 1644-1724 abbé de 173990, Historia general de la iglesia, desde su fundación, hasta este presente siglo ..., 1755